00403nam a22001577a 4500003000500000005001700005008004100022020001800063040000600081082001500087100002500102245002500127260003000152300000900182650005400191CEME20210628202138.0210225b xxu||||| |||| 00| 0 eng d a969-407-270-0 c. a954.91 KHA aKhan, Muhammad Ilyas aPk 805 but the truth aKARACHIbROYAL BOOKc2002 a277P aNAWAZ SHARIF-MUSHARAF DISPUTE FLIGHT PK-805-TRUTH